| 000 | 00625nam a22001937a 4500 | ||
|---|---|---|---|
| 999 |
_c186228 _d186228 |
||
| 005 | 20220217154417.0 | ||
| 010 | _aENG-131659 | ||
| 020 |
_a9788195267828 _c399.00 |
||
| 035 | _aEN-115191 | ||
| 037 | _bDBAD | ||
| 082 | _a690.05 | ||
| 100 | _aSowjanya, P. Naga | ||
| 245 |
_aElements of Building Sciences/ _cP. Nagar Sowjanya, K.V. Pratap |
||
| 260 |
_aHyderabad _bSunRaise International Publishers _c2021 |
||
| 270 |
_a# 326/C, Level-2, Surneni Nilayam Near B K Guda Park, S R Nagar _bHyderabad _e500038 |
||
| 300 |
_axvi, 360p. _c24cm(pbk) |
||
| 700 | _aPratap, K.V. | ||
| 942 |
_2ddc _cEN _h690.05 _mPRA |
||